América Central: fuentes regionales e internacionales y datos básicos

Sin resumen

Uloženo v:
Podrobná bibliografie
Korporativní autor: INCAE
Médium: Text
Vydáno: Managua: INCAE
Témata:
Tagy: Přidat tag
Žádné tagy, Buďte první, kdo vytvoří štítek k tomuto záznamu!

MARC

LEADER 00000 a a2200000 04500
001 19763
003
040
090 |a 079500  
110 |a INCAE  
245 |a América Central: fuentes regionales e internacionales y datos básicos  
260 |a Managua:   |b INCAE  
300 |a 19 p.  
520 |a Sin resumen  
650 |a COSTA RICA  
650 |a BIBLIOGRAFIAS  
650 |a FUENTES DE INFORMACION  
999 |c 15869  |d 15869